| 000 | 00408nam a2200181Ia 4500 | ||
|---|---|---|---|
| 005 | 20250603144703.0 | ||
| 008 | 250603s9999 xx 000 0 und d | ||
| 020 | _a978-0-07-161569-3 | ||
| 050 | _aQA 331.7 .S33 | ||
| 100 | _aSpiegel Murray R | ||
| 245 | 0 | _aComplex Variables | |
| 260 | _aNew York | ||
| 260 | _bMcGraw-Hill | ||
| 260 | _c2009 | ||
| 300 | _a374 p | ||
| 650 | _aNew York | ||
| 942 | _cBK | ||
| 999 |
_c39657 _d39657 |
||